Wikipedia:珍項目 - Statistics

General Stats
  • This quiz has been taken 12 times
  • The average score is 34 of 349
Answer Stats
記事名 説明 % Correct
ダ埼玉 「ダサい」と「埼玉県」を掛け合わされて造られた造語。
88%
出川イングリッシュ お笑いタレント・出川哲朗の話す片言の英語。拙い英語でありながらコミュニケーション能力で伝えようという意思の強さが伝わり、相手は理解しようと努めてくれる。
88%
幽霊文字 JIS基本漢字に含まれる典拠不明の文字。資料の写し間違いなどから生じたと推測されるが、「彁」は用例すら不明。
88%
青木まりこ現象 書店にいると何だかトイレに行きたくなる、あの現象。
63%
則天文字 武周の女帝武則天が制定させた新しい漢字の数々。〇で星を表す?
63%
空飛ぶスパゲッティ・モンスター教 「宇宙は空飛ぶスパゲッティ・モンスターによって創造された」?
63%
便所飯 一人で食事を摂る姿を他人に見られないよう便所の個室で食事をする行為。
63%
枕投げ 修学旅行の定番行事。
63%
マンガ肉 漫画にしばしば登場する、部位不明の骨付き肉。ワイルドに噛みちぎって食べるのが流儀。
63%
エビフリャー エビフライを名古屋弁風に故意に訛って茶化したタモリ考案の単語。
50%
お祈りメール 就職活動における、企業からの不採用通知の俗称。「今後のご活躍をお祈り申し上げます」。
50%
とりあえずビール 居酒屋などでまず最初にビールを注文する際の慣用句。
50%
子子子子子子子子子子子子 平安時代から日本に伝わる言葉遊び。読み方は「ねこのここねこ、ししのここじし」。
50%
ハルウララ 生涯で一度も勝てなかったにもかかわらず、逆に「負け組の星」として大人気となった競走馬。
50%
弥助 戦国時代、宣教師とともに来日し、織田信長の家臣になった黒人。
50%
くぁwせdrftgyふじこlp キーボードを一気にまとめて押すと出てくる断末魔。
50%
阿部寛のホームページ 日本アカデミー賞最優秀主演男優賞受賞俳優の公式サイト……にしてはインターネット黎明期を思わせる簡素軽量な造り。
38%
男の娘 日本の二次元サブカルチャーから発展した、若い女性のような外見をした男性を指す言葉。その定義や成立の背景から、評価や影響までを解説。
38%
金栗四三 日本マラソン界の父にして、ストックホルム五輪における空前絶後の大記録の持ち主。
38%
きさらぎ駅 怪奇体験として語られる架空の鉄道駅。インターネットコミュニティで広まった都市伝説の例。
38%
激おこぷんぷん丸 2013年の流行語。6段階活用の怒りの表現?
38%
シーランド公国 イギリスの沖合に浮かぶ「世界一小さな国」?
38%
シェー 漫画『おそ松くん』での登場に始まり、ゴジラまでもがとったギャグポーズ。
38%
ゼロ除算 数学において、ある数を「0で割る」割り算について。
38%
ソニータイマー ソニー製品は「メーカー保証期間が切れたとたんに故障する」という都市伝説。
38%
たいと 日本人の苗字として使われたとされる、総画数が84画にも及ぶ漢字。
38%
チェスボクシング 脳と肉体を交互に活用するスポーツ。
38%
バ美肉 男性がネット上で性別を公表した上で、美少女のアバターを用いてバーチャルYouTuberなどの活動を行うこと。「地獄のコンテンツ」?
38%
パリ症候群 イメージと違いすぎるパリで、異文化に適応できない日本人が訴える症状。
38%
パンツ一丁 下半身の下着1枚のみを着用した状態。公共の場での受け止め方は時代や文化により様々。
38%
琵琶湖の水止めたろか 「京都・大阪府民から馬鹿にされた際、対抗心を表すために用いる」滋賀県民の決まり文句。本当に止めるとどうなるのか、そもそも滋賀県は水を止められるのか解説。
38%
不幸の手紙 「同じ手紙を29人の人に出してください」……社会現象も巻き起こした一種のチェーンメール。
38%
不浄負け 相撲の取組中に廻しが外れ、陰部がもろ出しになること。稀な反則だが、平成の大相撲本場所でも実例がある。
38%
無限の猿定理 猿でもシェークスピアが書ける、ただし…
38%
ワレワレハウチュウジンダ 日本における宇宙人のステレオタイプな名乗りのイメージ。扇風機に向かって発声して遊ぶなどする。
38%
円周率は3 ゆとり教育の弊害、ここに極まれり!……という誤解。
38%
4分33秒 ジョン・ケージの前衛音楽。「第1楽章:休み。第2楽章:休み。第3楽章:休み」。
38%
5秒ルール 落とした食べ物がもったいない! というときの奥の手。世界規模で認知されている。
38%
52ヘルツの鯨 他には見られない非常に高い周波数で鳴くことで同定されている、正体不明のクジラの1個体。
38%
DHMO あなたも無意識に摂取している恐怖の化学物質。
38%
.tv ツバルの国別コードトップレベルドメイン。テレビ局などへのレンタルにより、同国の重要な外貨獲得源となっている。
38%
アラン・スミシー かつてアメリカ映画で監督が降板したときなどに用いられた偽名。これが使用されなくなったきっかけとは?
25%
イオンモール高の原 京都府・奈良県境上の大型ショッピングセンター。警察・消防・ごみ処理等の法令上の処置や店内のPRについて紹介。
25%
エクストリーム・アイロニング アイロン掛けに危険を求めるエクストリーム・スポーツ。
25%
エミュー戦争 オーストラリアで増えすぎたエミューの駆除のため、機関銃で武装した兵士が動員された作戦。
25%
エルデシュ数 数学者ポール・エルデシュとの「近さ」を示す数。
25%
エレン・ベーカー 可愛すぎると話題になった英語教科書のキャラクター。
25%
エンガチョ 不浄なものから逃れるためのおまじない。
25%
折田先生像 京都大学に設置されていた折田彦市像へのイタズラの数々。銅像撤去後はオブジェが制作され、入試シーズンの風物詩に。
25%
俺の尻をなめろ モーツァルトのお下品カノン。
25%
カーネル・サンダースの呪い 阪神タイガースが勝てない理由は「カーネル人形の怨念のせい」?
25%
カプコン製ヘリ カプコン作品に登場するヘリコプターはよく墜落する……? というイメージを表すネットミーム。
25%
携帯電話投げ フィンランド発、携帯電話をどれだけ遠くへ投げられるかを競うスポーツ。
25%
誤植 雑誌回収・誤植のせいで改名、果ては投獄など、誤植にまつわる事件の数々。
25%
コピ・ルアク 独特の複雑な香味を持つ、稀少にして高価なコーヒー豆。ジャコウネコの糞から採られる。
25%
つるふさの法則 ロシアの最高権力者に関する毛髪量の法則。
25%
徳川埋蔵金 糸井重里などが懸命に探していることで知られるが、実際出てきたらどうなるのか解説。
25%
豊川信用金庫事件 女子高生の何気ない雑談が、巡り巡って次第に大げさな噂となり取り付け騒ぎに発展した事例。
25%
中ノ鳥島 正式に日本の領土として宣言された、実在しない島。
25%
日本ブレイク工業 本業よりも「社歌」で有名になった解体業者。
25%
パウリ効果 物理学者ヴォルフガング・パウリが実験機材をよく壊すことに因んだジョーク。
25%
バチカンの地理 ローマ市内の一角にある世界最小の国家・バチカン市国の地理。
25%
パンジャンドラム 構造的欠陥を克服し切れなかった第二次大戦時の試作兵器。
25%
武器軟膏 中世ヨーロッパで信じられていた、傷口ではなく傷をつけた武器に塗ることで、傷を癒すとされた軟膏。
25%
マラドーナ教 ディエゴ・マラドーナを神とする、実在の宗教。
25%
ムペンバ効果 「お湯は水より速く凍る」? 中学生が「発見」した謎の現象と、それを巡る物理学者の論争の歴史。
25%
笑い死に 笑いが原因となった死。実際におかしさのあまり死んだ人もいれば、病的なものもある。
25%
0.999... 循環小数 0.999...によって表される実数は、寸分違わずちょうど 1 に等しい。その証明と、そこから広がる数学の世界。
25%
Buffalo buffalo Buffalo buffalo buffalo buffalo Buffalo buffalo 違う品詞の同じ単語のみで作られた、文法的に正しい英文。
25%
Ghoti 英語のスペルと発音の不規則さを皮肉った言葉。読み方はなんと...。
25%
愛はごみ箱の中に バンクシー作の絵画。オークションの最中にシュレッダーにかけられたことで、価格評価が大幅に上昇した。
13%
朝倉軌道 当局を無視して突っ走った、無軌道にしてしたたかな軽便鉄道。
13%
イェヴレのヤギ スウェーデンのイェヴレ発、毎年クリスマスに制作され毎年のように放火される、巨大な藁のヤギ飾り。
13%
違法素数 素数の内、違法となるような情報やコンピュータプログラムを含む数字。
13%
いまいち萌えない娘 新聞の求人広告から派生したキャラクターとその展開。
13%
ウイスキー戦争 カナダとデンマークにより50年近くに渡り争われた「最も消極的で積極的な領土紛争」にして「最も友好的な戦争」。
13%
ヴォイテク (兵隊クマ) ポーランド軍に所属し、伍長として第二次世界大戦に参加したクマ。
13%
ヴォイニッチ手稿 正体不明の文字で書かれ、不可解な挿絵が描かれた謎の古文書。異端の書物? 錬金術関連の著作? 単なるでっち上げ?
13%
塩嶺御野立記念祭 毎年春と秋に長野県で行われる、おそらく日本で一番短い祭。
13%
奥様運び フィンランドの珍スポーツ。史実に由来する。
13%
カース・マルツゥ 生きた蛆により通常以上に発酵させたチーズ。2005年まで販売は違法だった。
13%
怪奇版画男 漫画を版画で彫るという困難に挑戦したギャグ漫画。
13%
核ガンジー 「ゲーム『シヴィライゼーション』には、ガンジーが核攻撃を多用するようになるバグがある」とする都市伝説。後に公式化された。
13%
恐怖の大王 『ミシェル・ノストラダムス師の予言集』(百詩篇)にある、あまりに有名な謎のキーワード。
13%
首なし鶏マイク 首を切られてから18ヶ月間生存していた雄鶏。
13%
熊沢寛道 第二次世界大戦後に数多く現れた「自称天皇」たちの代表的存在。
13%
クロード・リットル リットルの記号に大文字のLを使用する整合性を取るために、冗談ででっち上げられた架空の人名。
13%
ケーキを食べればいいじゃない 「あるたいへんに身分の高い女性」が言ったとされる、有名な文句。
13%
恋文横丁 現在の渋谷109の辺りにかつて存在したバラック商店街。名前の由来は「米兵へのラブレターの代筆業者があったこと」から? 背景にあった戦後復興期の社会情勢を解説。
13%
黒板をひっかく音 世界中で様々な研究の対象になっている、一般的に人が不快に感じる音。
13%
ゴダイヴァ夫人 夫の暴政を戒めるため、裸で馬に乗って練り歩いたと伝わる女性。ピーピング・トム(≒出歯亀)の由来でもある。
13%
ご飯にする?お風呂にする? 帰宅してきた夫に妻がかける定番のフレーズ。その誕生の経緯から、文化圏における受け取り方の違いまで。
13%
坂上田村麻呂黒人説 証拠となる史料がないのに、なぜか北米の黒人研究者の一部で20世紀以来論じられている、日本の征夷大将軍にまつわる説。
13%
鮭の乱 「名前に鮭魚(サーモン)と同音・同字を含む人は割引」という回転寿司のキャンペーンのため、数百人が改名した騒動。
13%
沢田マンション 高知市にある、別名「日本の九龍城」。
13%
シクロアワオドリン 徳島文理大学で研究された、阿波踊りのような環状オリゴ糖。
13%
島根にパソコンなんてあるわけないじゃん 映画『デジモンアドベンチャー ぼくらのウォーゲーム!』での台詞から派生したインターネット・ミーム。実際の島根はパソコンの一大生産地で…?
13%
シュヴァルの理想宮 郵便配達夫フェルディナン・シュヴァルが33年にわたって「積み上げ」た、奇想の建築物。
13%
スタッフが美味しくいただきました 日本のテレビ番組におけるテロップ。「※この項目の執筆者・推薦者はテレビ局との取引関係や局員との血縁を有しません。」
13%
関口駅 駅の中にコンビニ……ではなく、駅舎そのものをコンビニにしてしまった鉄道駅。
13%
ソビエト (和歌山県) 和歌山県にある岩礁。ソビエト連邦との関係はないとの説が濃厚。実は日本の領海の基点となる重要な島である。
13%
たぬき・むじな事件 「むじな」を捕らえた猟師を、「たぬき」を捕らえた罪に問うことができるか? 刑法上非常に重要な判例。
13%
デスクリムゾン 「デス様」とも呼ばれたセガサターンの伝説的怪作ガンシューティング。
13%
南極の宗教 南極に暮らすわずかな人々の宗教について。
13%
なんちゃっておじさん 昭和50年代に東京都内の電車内で乗客を笑わせたとされる謎のおじさん。
13%
鶏が先か、卵が先か 「卵は鶏無しに生じ得ず、鶏も卵無しに生じ得ない」という有名なジレンマ。
13%
盗めるアート展 「展示作品を盗んでもよい」というルールの下で開催された美術展。その結果はいかに?
13%
ネコひねり問題 空中に放り出された猫は、なぜ外力に頼らず体勢を立て直せるのか? 物理学上の説明と、その解明の歴史について。
13%
パウル (タコ) 2010 FIFAワールドカップなどで活躍した、ドイツ代表の試合結果を予想するタコ。
13%
芳賀ゆい ラジオリスナーのお遊びから生まれたバーチャルアイドル。
13%
バター猫のパラドックス 猫とトーストに関する2つの言い伝えを掛け合わせるとどうなる? 矛盾を愉しむ思考実験。
13%
万歳三唱令 万歳三唱の方法を規定した明治時代の法令、と称する偽文書。その真相とは…
13%
鼻行類 哺乳類のある一分類群と、それを解説した同名の書籍。生物学の学術論文に擬態した知的フィクション。
13%
ピッチドロップ実験 アスファルトなどのピッチの粘性を観察するための実験。観察には10年〜100年単位の長時間を要する。
13%
プラヴォ・ヤズディ アイルランド全土で交通違反を繰り返す迷惑ドライバー「プラヴォ・ヤズディ」の正体とは?
13%
ベーコン・アイスクリーム エイプリルフールのジョークから生まれた、アイスクリームにベーコンを加えた料理。
13%
ペンゲー ハイパーインフレが生み出した超高額紙幣。最後は箒で扱われた。
13%
ボゴソート 極めて効率が悪いソートアルゴリズム。「数撃ちゃ当たる」の精神で、何度でも、何度でも。
13%
ボストン糖蜜災害 糖蜜の発酵作用が引き起こした死者21名の大惨事。
13%
ほとんど整数 整数ではないのに、なぜか「ほとんど」整数である数。
13%
マンゴー崇拝 文化大革命期の中華人民共和国で一時巻き起こった、マンゴーを崇敬する運動。
13%
矢ガモ 背中に矢が刺さったまま生きるカモと、その発見と報道、救出を巡る騒動。
13%
焼肉定食 (熟語) 「弱肉強食」とかけたことわざパロディー。
13%
酔っぱらいのマント 「酔っぱらい」の罪を犯した者に樽をマントとして着用させた、中世ヨーロッパの刑罰。
13%
柳京ホテル 世界最大のホテルを目指した北朝鮮の夢の跡。16年間放置された「世界最大の廃墟」とその後の動き。
13%
ワールド・ジャンプ・デー 「みんなでジャンプして地球温暖化を阻止しよう」!?
13%
0ルピー紙幣 インドの模造紙幣。役人からの贈賄要求に抗議するため、市民団体が作成した。
13%
100年電球 1901年から点灯し続けている消防署の電球。
13%
西暦10000年問題 西暦の桁数が5桁になると、桁あふれでプログラムが誤作動するバグ。人はこれを杞憂という。
13%
国道339号 青森県竜飛岬にある国道…だが、歩行者しか通行できない階段国道。
13%
All your base are belong to us 日本製ゲームの怪しい英語表記から生まれたインターネット・ミーム。
13%
Brainfuck 4文字単語が入った名前のせいで伏せ字にされる、8つの記号だけのプログラミング言語。
13%
アーグルトン Googleマップ上にのみ存在した、実在しない町。
0%
アイスランドペニス博物館 アイスランド共和国にある、様々な生物のペニスの収集・展示を目的とした博物館。人間のものも含む。
0%
アイゼンハワーの木 オーガスタゴルフ場に存在した大木。この木のせいで大叩きをしたアイゼンハワー大統領が伐採させようとしたことが名の由来。
0%
アグリー・クリスマス・セーター どこの国にもありがちな「おばあちゃんのありがた迷惑な手作りプレゼント」をジョークグッズとして楽しもうとするもの。
0%
アグロー 著作権侵害対策として地図に記された架空の地名。ところが実在の店舗名に使われてしまい、さらには小説ファンの聖地に。
0%
アコースティック・キティー CIAの極秘プロジェクトで作られた改造猫とその運命。
0%
葦原金次郎 明治後期から昭和にかけて、誇大妄想から「将軍」や「天皇」を自称した人物。
0%
アシュリタ・ファーマン 現在最も多くのギネス記録に同時に認定されている人物としてギネス記録に認定されている、「世界一世界一」な人物。
0%
アダム・ライナー 小人症で巨人症? 世界でもっとも成人後に身長が変化した記録の保持者。
0%
イーナムクロー馬姦事件 他人の馬とアナルセックスに及んだ男性が死亡した事故をきっかけに、ワシントン州で獣姦が法規制されることに。
0%
生きている根の橋 生きている樹木の根によって作られた吊り橋。
0%
イグノーベル賞受賞者の一覧 真面目でユーモラスな研究の数々。日本人も多数受賞。
0%
痛みの基準はハナゲ ジョークサイトから生まれた都市伝説。一本1ニュートンの力で引き抜くと1ハナゲ?
0%
イラクのお尋ね者トランプカード アメリカ軍が開発したトランプセット。スペードのエースは出てきたら絞首刑。
0%
インディアナ州円周率法案 円積問題のトンデモ解法を州法で認めさせようとした事件。通っていれば円周率は3.2と導き出されていた?
0%
ウィルヘルムの叫び おそらく誰もが一度は聞いたことがある、200本以上のアメリカ映画で使われてきた男性の悲鳴。
0%
ウィンチェスター・ミステリー・ハウス 霊から逃れるべく増築を重ねた結果、迷宮のようになった巨大な屋敷。
0%
ウェリントン公爵騎馬像 (グラスゴー) スコットランドのグラスゴーにある、三角コーンを被される悪戯が伝統となっている騎馬像。
0%
宇宙空間での性交 無重力状態での性交についての研究と考察、そして計画、挑戦について。
0%
エアナーシルへの苦情粘土板 世界最古のクレーム文として、ギネス認定もされた古代の粘土板。
0%
エクストリーム・フットボール・リーグ 女性が下着姿でプレーする、アメリカの7人制フットボールのリーグ。
0%
エスコペターラ 平和のシンボルとして、ライフルを改造して作られたギター。
0%
エディ・ゲーデル メジャーリーグ史上最も背の低い選手。背番号「8分の1」。
0%
大蔵省による一般会計予算の語呂合わせ 1996年まで大蔵省が公式に発表していた、一般会計予算額の語呂合わせ。
0%
オカマ爆弾 アメリカ空軍の研究していた愛の爆弾(計画倒れ)。
0%
オットー (靴屋) 「もうあかん やめます!」……と垂れ幕で主張しつつ、20年以上営業を継続した大阪の名物靴店。
0%
お姫様だっこ 男のロマンというだけではなく、介護現場でも実用的に使われている。その実情と課題。
0%
「オブ・ザ・デッド」で終わる作品の一覧 めくるめくゾンビ映画の世界。
0%
オンライン整数列大辞典 数学ファンにはたまらない、最大級の整数列データベースサイト。
0%
カードローナのブラ・フェンス 観光客がブラジャーを吊り下げていくフェンス。現在では乳がん啓発の募金活動の拠点に。
0%
賢所乗御車 「神」の輸送を目的とした鉄道車両。
0%
火星の人面岩 バイキング1号が撮影した火星表面の写真に写っていた謎の地形。
0%
金山神社 (川崎市) 奇祭「かなまら祭」で知られる神社。「でっかいまら! でっかいまら!」
0%
カバヤ児童文庫 昭和期に2500万部が発行されたものの、お菓子のおまけであったために30年間顧みられなかった児童叢書。
0%
カリフォルニア島 かつてバハ・カリフォルニア半島は、島だと考えられていた。長く信じられた理由と探検家たちの挑戦。
0%
カルロス・カイザー ありとあらゆる手段を駆使し、試合に出ずしてプロ契約を勝ち取り続けたサッカー選手。
0%
カレーショップ志み津 食糞経験者のAV男優しみけんがオーナーを務めた、「うんこ味のカレー」を提供する飲食店。
0%
寄付のお願い (ウィキペディア) ウィキペディアンのみならず広くネットユーザーの耳目を集める、ウィキペディアへの寄付要請バナーをめぐる主張と批判、議論と諷刺。
0%
君は牛を二頭持っている 君は牛を二頭持っている。その牛がどうなるかに喩えて、政治・経済を論じるジョークが可能である。
0%
ギャズビー "e"を含む単語を一度も用いずに書かれた、実験的文学作品。
0%
キャンディ・デスク アメリカ合衆国上院に受け継がれる、菓子の満載された議員座席。
0%
虚構記事 読者あるいは盗用者を引っかけるためにわざと混ぜられた嘘の記事。
0%
キルドーザー事件 市の計画に反対した男が作り上げ乗り込んだ「殺人ブルドーザー」。名前に反し、誰も殺さなかった。
0%
キルロイ参上 第二次世界大戦の頃にアメリカ軍で流行った落書き。
0%
鯨の爆発 打ち上げられた鯨を爆破処理しようとして失敗した事例と、運搬中の鯨の発酵ガスが破裂した事例。
0%
クロラミン プールのあの塩素臭や目が赤くなる原因は、消毒用の塩素ではなく、実は……。
0%
ケチャップは野菜 アメリカ合衆国の給食では「ケチャップを野菜としてカウントすることが可能」!? レーガン政権が生んだ、低予算の学校給食メニューをめぐる食育論争について。
0%
耕三寺 日本各地の著名な社寺の模造建築が境内の到るところに立ち並ぶ寺院。
0%
コーンフィールド・ボンバー 墜落事故を起こしたものの大きな損傷を受けず、後に任務に復帰した戦闘機。
0%
国勢調査で宗教を「ジェダイ」と回答する動き 国勢調査によれば、イギリスで盛んな宗教は、キリスト教、イスラム教、ヒンドゥー教、4番目に「ジェダイの騎士団」である!?
0%
ココナッツによる死 落下したココナッツの直撃、その他ココナッツとココヤシにまつわる事故・騒動とその都市伝説としての普及について。
0%
御用火事 現代で例えれば、北海道知事が自らの手で札幌市街地を焼き払うような行為。
0%
コレジャナイロボ ちっとも格好良くないのが売りの手作りロボット玩具。
0%
彩虹眷村 一人の老人が壁画を描いたことで、一帯が芸術公園として保存されることになった村。
0%
サウスウエスト航空 型破りなことを好むアメリカ合衆国の航空会社。ポリシーは「社員第一、顧客第二」。
0%
ザ・ゲーム (ゲーム) 「ザ・ゲーム」とはどんなゲームか興味が湧きましたか?では、あなたの負けです。
0%
サップ 常夏のコンゴで高級スーツを優雅に着こなすファッション。
0%
サルの自撮り サルがシャッターを押した自撮り写真の著作権は誰のもの? ウィキペディアをも巻き込んだ訴訟の事例。
0%
サンジェルマン伯爵 18世紀、ルイ15世時代のフランス宮廷に突如登場した謎の錬金術師。
0%
三百三十五年戦争 世界で最も長く続いた、世界で最も犠牲者の少ない戦争。
0%
シェイクスピア別人説 「シェイクスピア作品」を書いたのは誰? 通説に異を唱え「真の作者」を探る、18世紀以来の議論。
0%
ジェニー・ハニヴァー 16世紀からヨーロッパで未確認生物の死体として取引されてきた乾燥標本。その正体は…。
0%
慈湖紀念雕塑公園 民主化に伴い撤去された蔣介石の像を展示している公園。
0%
志布志町志布志 ゲシュタルト崩壊する地名記事? かつての志布志郷志布志村、志布志市志布志町志布志(旧志布志町大字志布志)について。
0%
ジブリの呪い 「金曜ロードSHOW!でスタジオジブリ作品が放映されると株式市場や為替相場が荒れる」とする都市伝説。
0%
ジミー・カーターウサギ事件 米大統領ジミー・カーターが「怒り狂ったウサギ」に襲撃された…とされる事件。
0%
シュヴァリエ・デオン 生涯の前半は男性として生き、後半は女性として生きたフランスの外交官にしてスパイ。
0%
自由のフライ 反仏感情が湧きあがった米国で、国家のメンツをかけて「フレンチポテト」が言い換えられた事件について。他に同種のエピソードも記載。
0%
首相官邸ネズミ捕獲長 イギリス首相官邸の公式な飼い猫に与えられる非公式の肩書。
0%
ジョシュア・ノートン 自称「合衆国皇帝にしてメキシコの庇護者ノートン1世」。
0%
ジョルジェ・マルティノヴィッチ事件 肛門にガラス瓶が入った人物が病院に来たことから始まった、ユーゴスラビアの政界を巻き込んだ騒動。
0%
新幹線運賃差額返還訴訟 東海道新幹線の運賃を巡り鉄道マニアが起こした訴訟。
0%
菅原橋交差点 日本一(?)複雑な11叉路の交差点。生まれた経緯も複雑。
0%
スター・ウォーズ・キッド 自分自身の映像を勝手にネットに流されたことで、望まない形で有名人になってしまった少年。
0%
ストライサンド効果 情報を隠蔽するための努力がかえってその情報を拡散してしまうことを表すインターネット・ミーム。「雉も鳴かずば撃たれまい」。
0%
生命、宇宙、そして万物についての究極の疑問の答え SF小説『銀河ヒッチハイク・ガイド』に登場する壮大な謎とその答え。
0%
セイリッシュ海における人間の足の発見 2007年以降、カナダとアメリカの国境付近の海で、死因・身元不明の人間の足ばかりが断続的に発見されている未解決事件。
0%
世界で一番笑えるジョーク 世界共通のユーモアを見つける調査。
0%
仙台四郎 訪れる店は不思議と繁盛すると言われる、実在した「福の神」。
0%
大東島紙幣 絶海の孤島で日本銀行券や硬貨の代わりに流通していた、いち企業が発行する「貨幣」。
0%
武智丸 第二次世界大戦のために建造された後、防波堤として人々を守ったコンクリート船。
0%
だし道楽 トビウオが丸ごと一匹入り、自動販売機で販売されるだし醤油。
0%
タッパーの自己言及式 特定の条件の下で二次元のグラフに描くと不等式そのものの形となる数式。
0%
ダハラ・カグラバリ バングラデシュ領内にあるインド領内にあるバングラデシュ領内にあるインド領にあった、「飛地の中の飛地の中の飛地」。
0%
たま (猫の駅長) 日本初、正式に辞令が交付された貴志駅の猫の駅長。
0%
男性の妊娠 神話やフィクションに描かれる現象と、実際には可能なのかについて。
0%
地球外の不動産 地球以外の星などの不動産について。近い将来、現実的になるかも?
0%
遅刻する食パン少女 「学園ものラブコメディの定番」? 少女漫画のお約束と思われがちだが、実は起源がはっきりしない謎のストーリー類型。
0%
チンコ坊主 イネの品種。名前はちんこに関係するのか、しないのか…。
0%
ツジモト・タロウ 正式にドラフト指名された架空の日本人NHL選手。
0%
土 (食材) 古今東西で食材として扱われてきた身近なもの、土について。
0%
デイヴィッド・ハーン 原子炉を自作すべく身近な製品から放射性物質を集め回り、アメリカ環境保護庁が動く騒ぎを起こした少年。
0%
鉄道による糞尿輸送 下肥として利用された屎尿の陸上輸送、その恐るべき実態と終焉。
0%
テネレの木 テネレ砂漠の中央に1本だけ立っていた木。神秘的な佇まいから人々に保護されていたが…。
0%
トイレ遺構 トイレの跡からは、食生活や文化を始め驚くほど多くの知見が得られる。
0%
トイレットペーパーの向き あなたがトイレットペーパーを取り付ける時、表向きにする? それとも裏向きにする?
0%
冬季オリンピックの熱帯諸国 ウィンタースポーツでは不利な熱帯諸国の、冬季オリンピックへの挑戦。
0%
灯台と軍艦の都市伝説 アメリカ海軍に関する都市伝説またはジョーク。その歴史は1930年代に遡る。
0%
動物の爆発 事故による爆発や人間による軍事利用のほか、意図的に爆発する動物も存在する。
0%
トゥルース・オア・コンシクエンシーズ (ニューメキシコ州) 人気ラジオ番組の企画に参加して改名してしまった町。
0%
遠い未来のタイムライン まず誰もその目で確認できないであろう遠い遠い未来の予想。
0%
トースト・サンドイッチ 「イギリスで最も安上がりな料理」? トーストを2枚のパンで挟んで作る、英国発の『サンドイッチ』。
0%
栃木・群馬・埼玉の三県境 特に何もない平地で3県が交わる県境。町おこしの資源となるか?
0%
ドナルドダック党 スウェーデン第9位の政党?
0%
トマソン 不動産に付属する無用の長物を指し示す、芸術上の概念。
0%
鷲子山上神社 栃木・茨城県境上の神社。住所登録、電気・水道、警察・消防、賽銭の扱いなどの現実的問題について解説。
0%
トルコ人(人形) 50年以上も人々を騙し続けた、自動的にチェスを指す人形。
0%
ナノプシャン 「ナノメートル世界の小人」と呼ばれる芳香族化合物。
0%
ニシンの戦い 百年戦争中の戦い。兵糧のニシン入り樽を急造のバリケードに転用したことから、戦場がニシンまみれに。
0%
偽エチオピア皇帝事件 大学生扮する偽エチオピア皇帝一行を戦艦に乗せてしまったイギリス海軍の大失態。
0%
ニルス・カタヤイネン ある意味で不運、ある意味で幸運なフィンランド空軍エースパイロットの、華々しくも痛々しい戦歴。
0%
ヌートピア国際賛歌 ジョン・レノンとオノ・ヨーコが創設した「ヌートピア」の国歌。
0%
猫オルガン 猫の尻尾を引っ張り、鳴き声を音階に利用する架空の楽器。
0%
猫耳 漫画系カルチャーで多用されるが、その歴史は意外と古い。
0%
ノストラダムス (偽者) ノストラダムスの高名に便乗した、数多くの偽者達。
0%
ノミのサーカス 客を集めてノミの芸を見せるショー。舞台は画用紙の上。
0%
バールレ=ナッサウ 市街地に極めて複雑にベルギーとの国境線や飛地が入り組んだオランダの街。相方はベルギーのバールレ=ヘルトフ。
0%
ハイフン戦争 国名表記にハイフンを入れる? 入れない? 20世紀末、ある国家を真っ二つにした政治論争。
0%
ハイルブロンの怪人 ヨーロッパ各国で殺人を重ね、多数の強盗・薬物取引事件に関与! 全欧を震撼させた凶悪犯の意外な正体。
0%
馬鹿は風邪を引かない 江戸時代の頃より日本にあることわざ。その意味や学術的な考察について。
0%
羽柴誠三秀吉 選挙出馬で政治家を目指した21世紀の自称秀吉。
0%
バッドアート美術館 「本当に酷い美術品」を集め、保存し、展示するための美術館。
0%
バナッハ=タルスキーのパラドックス 「球体をばらして組み直すと最初の球体と同じ大きさの球体が2つできる」? 一見矛盾だが定理として正しく成り立つ、奥深い数学の世界。
0%
鼻ほじり 多くの人々が癖としながら、多くの社会でマナーに反するとされている行為。
0%
ハンガリー人宇宙人説 マンハッタン計画に携わった、ハンガリー人スタッフの頭脳があまりにも優秀だったことから生まれたジョーク。
0%
パンダ・ポルノ パンダの性的興奮を促す目的で撮影された、パンダの交尾の映像。
0%
万里の長城解体報道 19世紀末、アメリカで拡散した捏造記事。時を経て、今度はこの記事が義和団の乱の引き金という不確かな説が拡散。
0%
ビアポン ビールで満たされたカップにピンポン玉を互いに入れ合う「競技」。
0%
ビーレフェルトの陰謀 ビーレフェルトという都市は実在しない! あれは「やつら」の陰謀なんだ! ……たぶん。
0%
ピエール・シュール・オート軍用無線局 ウィキペディア上の記事を削除させようとしたフランスの軍事通信施設とその顛末について。
0%
非公式サッカー世界王者 スコットランドのジョークから始まった、ボクシングやプロレスの形式で決めるサッカーの世界王者。
0%
日立マジックワンド 本来の用途ではない大人のおもちゃとして世界的大ヒット商品となった電気マッサージ器。
0%
ビデオゲームの墓場 「史上最低のゲームの大量の売れ残りが捨てられている」という噂の埋立地。都市伝説と思われていたが、時を経て実話と判明。
0%
ヒト以外による選挙への立候補 1世紀から現代に至るまでの、ヒト以外による選挙への立候補について。
0%
ヒト化マウス ヒトの遺伝子や細胞が加えられ、様々な実験に使われるマウス。
0%
ヒトに由来する生薬 ヒトの体の一部からつくられた生薬。
0%
ヒトラー女性化計画 第二次大戦中に実在した、アドルフ・ヒトラーを女性にしてしまおうという計画。
0%
漂流郵便局 宛先のない、届けることのできない手紙を集める郵便局。
0%
ファックという言葉が多く使われた映画一覧 ポルノでもないのに、"fuck"という卑語が数多く使われている映画作品の一覧。
0%
フィニアス・ゲージ 事故で鉄の棒が頭蓋骨を貫通し、大脳を大きく損傷したにも関わらず生還した人物。
0%
フェルディナンデア 1831年、噴火によってシチリア沖に姿を現した島。領有を狙う各国の紛争も噴出した。
0%
復員スーツ イギリス軍の復員兵に支給された背広。しかしサイズの合わない背広を受け取る例が続出し…。
0%
フジエアー 「怪しい日本語」のメニュー画面で知られたDVDプレイヤーのメーカー。
0%
プチプチつぶし 幼児やチンパンジーも夢中にさせる魅惑の遊び。
0%
不沈のサム 乗り組んだ3隻の軍艦がみな沈没し、3回とも生き延びた猫。
0%
フッキング (オーストリア) 人名に由来した、長い歴史を誇る、4文字語とは関係ない地名。英語圏からの旅行者に人気。
0%
ブラウン運動にまつわる誤解 水中で動いているのは花粉ではなくて……。誤解が誤解を呼ぶケース。
0%
プラダ・マーファ テキサス州の荒野にプラダの店舗を再現するインスタレーション・アート。しかし公開初日に……。
0%
プリカッソ 自身の男性器を筆にして絵を描く画家。動画あり。
0%
ブルーピーコック 部品にニワトリが含まれた核兵器。
0%
フローレンス・フォスター・ジェンキンス ある意味非常に幸せだった、音痴のソプラノ歌手。
0%
フローレンス・ヨール給水塔 給水塔建設用地の寄付の見返りにショッピング・モールの広告を塔に掲げるも、州法に抵触することが判明。市が取った解決策とは?
0%
ペプシ海軍 ペプシコ社がペプシコーラをソビエト連邦へ輸出した結果、世界で6番目に大きな海軍を保有することに……?
0%
ヘリコプター弦楽四重奏曲 4台のヘリコプターを動員して演奏される壮大な音楽。
0%
ポー・トースター エドガー・アラン・ポーの墓に60年に渡り毎年、彼の誕生日に「3本のバラと飲みかけのコニャック」を供え続けた謎の人物。
0%
ボールドウィン・ストリート 1mにつき約30cm上る、世界で一番急な通り。
0%
ホコトン 辞典にも掲載された明治・大正期の日本の流行語で、矛盾(むじゅん)の誤まった読み。無知による読み間違いか、故意のユーモアか。
0%
ボスが来た 仕事をしているように見せかけることができる、ホビー用ソフトウェアの機能。そのバリエーションも。
0%
ポテイトーズ ジャガイモに似た珍名を持つ、18世紀の優秀な競走馬。数多くのサラブレッドの祖先となった。
0%
ホボロ島 瀬戸内海にある消えゆく小島。島が小さくなる原因は虫。
0%
マーハン・カリミ・ナセリ 空港で生活する羽目になってしまった難民。後にスティーブン・スピルバーグ監督によって映画化。
0%
賄征伐 寄宿寮の食事の粗末さに腹を立てた明治の学生たちの戦い。後の著名人も多数参加。
0%
幻の本塁打一覧 ベースの踏み忘れ、ランナーの追い越し、観客による捕球など、様々な理由で本塁打がふいになった事例集。新庄剛志は3度も記録。
0%
○△□ (絵画) 「仙厓が残した最もミステリアスな作品」。単純な図形で構成されていながら多数の解釈がある。
0%
ミシェル・ロティート 金属片やガラスすら内臓を傷つけずに嚥下、排泄できた人物。死因も異食症とは無関係だった。なお、バナナとゆで卵だけは苦手。
0%
ミルウォール・ブリック 意外な素材で作られたフーリガンの打撃武器。
0%
メアリー・トフト 「ウサギを出産した」と吹聴した人物。一部の医師は信じ込んでしまい、医学界への信頼が揺らぐ事態に。
0%
メソソーム かつては細胞の構造の一部であると考えられていた、細胞の観察時に作られる損傷。
0%
メタル・ウムラウト ヘヴィメタルのバンド名やアルバム名などに、特に必然性なく装飾効果で用いられるウムラウトの例。
0%
メトロポリス (イリノイ州) 都計画の消えた町は、今ではスーパーマンの故郷に。
0%
木星・冥王星重力効果 2つの惑星が重なることで、地球の重力が小さくなる!……というエイプリルフールの嘘。
0%
本山原人 ファッションの進化から取り残された大学生?
0%
モノウィ (ネブラスカ州) アメリカ合衆国唯一の人口1名の自治体。たった1名の村民が村長を兼ね、自分に商店の免許を交付し、自分の売上を自分に納税し…。
0%
野球害毒論 現代風に言えば「野球をやっていると野球脳になる」。
0%
矢野切手 太平洋戦争中、日本軍がイギリス領ビルマで臨時発行した切手。図案はなんと「個人の認印」。
0%
ユンガスの道 ボリビアの山岳地帯にある「世界でもっとも危険な道路」。
0%
ヨハン・ゲオルク・アウグスト・ガレッティ 先生曰く「ザクセンの鳥のうち、最も体の大きいものは雄のロバです」(『ガレッティ先生失言録』より)……???
0%
ラリー・ソーン フィンランド国防軍、ナチス・ドイツの武装親衛隊、アメリカ陸軍で活躍した軍人。
0%
ランテルヌ・ルージュ ツール・ド・フランスにて最下位完走を果たした選手を称える非公式の伝統。権威あるレースゆえに、故意に最下位を狙う者が出たことも。
0%
リオ・リコ 米国領であることをすっかり忘れられていた米墨国境の町。
0%
列車便所 鉄道技術者、利用者、周辺住民のフン闘の歴史は今も続く。
0%
レディー・ガガの生肉ドレス レディー・ガガが着用した、生の牛肉で作られた「最も表現力ある」ドレス。
0%
レナード対ペプシコ事件 「700万ポイント分のコーラを飲んでハリアーIIをもらおう!」という冗談コマーシャル…だったが、本当に交換を試みる消費者が現れて訴訟沙汰に。
0%
六万五千五百三十七角形 定規とコンパスによる作図が可能な正多角形。作図方法は200ページを超える?
0%
ロッホユー蒸留所 塩辛のような香りのウイスキーを作っていた蒸留所。製造の道具はなんと「ゴミ用のポリバケツ」!?
0%
渡邊魁 脱獄して身分を偽り判事となった終身囚。後に露見するが、なぜか脱獄が罪に問われることも、再び終身刑で収監されることもなかった。
0%
円周率1000000桁表 円周率の数表100万桁分を収録した「隠れたベストセラー」。
0%
1956年メルボルンオリンピックのニセ聖火リレー事件 ナチズムに起源を持つとして聖火リレーに抗議した学生のイタズラ。
0%
カリビアンカップ1994予選 バルバドス対グレナダ 両サイドに向かって攻めろ? 変則的なルールのために生まれた「サッカー史上もっとも不思議な試合のひとつ」。
0%
旧暦2033年問題 実用上は問題ないが、日本の旧暦(天保暦)に関わる人には深刻な問題。
0%
300ページのiPhone請求書 AT&Tモビリティから送られた、300ページにも及ぶiPhone使用料金の請求書。
0%
オーストラリア 31-0 アメリカ領サモア サッカーの国際試合において最大得点差の世界記録を樹立した試合。FWのアーチー・トンプソンは1試合の個人最多記録となる13得点を記録。
0%
4千年紀以降 まず誰もその目で確認できないであろう遠い遠い未来の予想。
0%
アメリカ合衆国51番目の州 真剣な議論から風刺まで、数々の「51番目の州」候補。
0%
サンチアゴ航空513便事件 日本のテレビであたかも事実であるかのように紹介された架空の航空事件。
0%
6÷2(1+2) インターネット上で話題となった数学の問題。答えは「9」? それとも「1」? はたまた問題自体が誤り?
0%
ASアデマ 149-0 SOレミルヌ ギネス世界記録に認定された、サッカーにおける最大得点差試合。
0%
スチュワート (DD-224) アメリカ海軍 → 日本海軍 → アメリカ海軍 と渡り歩いた駆逐艦。
0%
DVD探知犬 密輸海賊版DVDを探し出すための犬。賞金首までかけられた逸話付き。
0%
F・D・C・ウィラード 科学論文誌で物理学の論文を発表したネコ。
0%
Hyper Text Coffee Pot Control Protocol コーヒーポットをネット上から制御するための、「エスプレッソリー」に設計されたプロトコル。
0%
I am Error テレビゲーム『リンクの冒険』英語版中の台詞。正しい英訳なのに、誤訳・プログラムエラーと勘違いされてしまい...?
0%
IOCCC いかに汚く(読みにくく)C言語のコーディングをするかを競うコンテスト。コードの汚さに反し、見た目や実行結果は美しい。
0%
鳥類キャリアによるIP RFC 1149 で規定されたInternet Protocolデータ通信。
0%
ISO 3103 紳士の国が定めた規格を元にした、紅茶の入れ方の国際標準規格。
0%
MTT・タービン・スーパーバイク ガスタービンエンジン搭載、最高出力320shp (238KW) 、最高速度は250mph(約402km/h)の驚異のオートバイ。
0%
NORADのサンタ追跡 北アメリカ航空宇宙防衛司令部(NORAD)がクリスマスのサンタクロースの追跡を行なう、1955年から続く毎年恒例の任務活動。
0%
¿Por qué no te callas? スペイン国王フアン・カルロス1世がベネズエラのウゴ・チャベス大統領を叱責した言葉が、スペイン語圏で流行語に。
0%
qu以外の綴りでqを含む英単語の一覧 qu以外の綴りでqを含む、希少な英単語の一覧。
0%
Sleepify 全曲が無音で構成された音楽アルバム。550万回以上再生され、アーティストのストリーミング収入は計2万ドルを突破。
0%
濡れTシャツコンテスト 裸に寛容な欧米で行われるセクシーな美人コンテスト。画像あり。
0%
The dress 人によって「青と黒」「白と金」というまったく違った配色に見えるドレスの写真。
0%
The Epic Split 並走するトラック2台の間でジャン=クロード・ヴァン・ダムが股割りを披露するCM。
0%
The Million Dollar Homepage 1000×1000の100万ピクセルで構成され、1ピクセルが1ドルで販売されたwebサイト。開発者の学生は100万ドルを売り上げることができたのか?
0%
TKPゲートタワービル 大阪にある、建物の中を高速道路が貫通しているビル。
0%
UVB-76 ロシア発、絶え間ないブザー音と稀に挿入される音声メッセージで構成される謎の短波放送。
0%
WTFPL あえて日本語訳すれば「どうとでも勝手にしやがれクソッタレ公衆利用許諾書」? お下品な名前だが実際の使用例もある自由ソフトウェアライセンス。
0%
No matching quizzes found
Score Distribution
Percent of People with Each Score
Percentile by Number Answered
Your Score History
You have not taken this quiz